| 000 | 00838nam a22002177a 4500 | ||
|---|---|---|---|
| 003 | OSt | ||
| 005 | 20250820153455.0 | ||
| 008 | 241010b |||||||| |||| 00| 0 eng d | ||
| 040 | _c0 | ||
| 082 | _aDPer 613.705 J826 January-December 2020 v. 91 n. 1-9 | ||
| 100 |
_aStocz, Mike. _eauthor. _962749 |
||
| 245 |
_aA state-created danger case in high school wrestling / _cMike Stocz and Lyndsey Tarver. |
||
| 260 |
_aVirginia ; _bAmerican Alliance for Health , _cSeptember 2020. |
||
| 300 |
_aVolume 91, pages 58-59 : _c28 cm. |
||
| 500 | _aThe Journal of Physical Education Recreation & Dance, vol. 91, no. 7, pages 58-59, September 2020. | ||
| 650 | 0 |
_aHigh school wrestling. _966982 |
|
| 650 | 0 |
_aPhysical education. _950439 |
|
| 700 |
_aStocz,Mike. _eauthor. _962470 |
||
| 700 |
_aTarver, Lyndsey. _eauthor. _966983 |
||
| 942 |
_2ddc _cPER |
||
| 999 |
_c22462 _d22462 |
||